000 00655nam a22002297a 4500
003 UA-OsUOA
001 34245
007 ta
008 20050927b un ||||| |||| 00| 0 ukr d
100 _aЧапек К.
090 _a821.162.3
_bЧ-19
942 _cBK
040 _aUA-OsUOA
_bukr
_cUA-OsUOA
_dUA-OsUOA
245 _aОповыдання з обох кишень
_cпереклав з чеської Клим Забарило
300 _a480 с.
955 _a3
041 _aukr
080 _a821.162.3
260 _aК.
_bДніпро
_c1970
650 7 _a82 Література. Літературознавство
_2UDC
999 _c320674
_d320674